[Event "HUN-chT 2324"]
[Site "Hungary"]
[Date "2023.12.10"]
[Round "3.4"]
[White "Toth, Ervin"]
[Black "Gonda, Laszlo"]
[Result "0-1"]
[WhiteElo "2423"]
[BlackElo "2494"]
[PlyCount "108"]
[EventDate "2023.10.28"]
[EventType "team-tourn"]
[EventRounds "9"]
[EventCountry "HUN"]
[SourceTitle "CB16_2024"]
[SourceDate "2024.04.17"]
[SourceVersion "1"]
[SourceVersionDate "2024.04.17"]
[SourceQuality "1"]
[WhiteTeam "Biatorbagy"]
[BlackTeam "Dunaharaszti"]
[WhiteTeamCountry "HUN"]
[BlackTeamCountry "HUN"]

1. d4 Nf6 2. c4 e6 3. Nc3 Bb4 4. a3 Bxc3+ 5. bxc3 c5 6. e3 b6 7. Bd3 Bb7 8. f3 Nc6 9. Ne2 0-0 10. e4 Ne8 11. Be3 Na5 12. dxc5 Qc7 13. cxb6 axb6 14. 0-0 Nd6 15. c5 Ndc4 16. cxb6 Nxb6 17. Bf2 Ba6 18. Bxa6 Rxa6 19. Qc2 Rfa8 20. Rfb1 Nac4 21. Nd4 h6 22. Nb5 Qc6 23. Rb4 d5 24. Rab1 Nd7 25. exd5 exd5 26. a4 Re8 27. Qf5 Re5 28. Qd3 Ra8 29. Na7 Qe6 30. h3 Re2 31. Nb5 Rd2 32. Qf1 Rc8 33. Nd4 Qg6 34. Rd1 Ra2 35. Ne2 Nd2 36. Nf4 Qc2 37. Qe2 Nf6 38. Be3 Nc4 39. Qxc2 Rxc2 40. Bd4 g5 41. Nd3 Nh5 42. Re1 Ng3 43. Ne5 Ne2+ 44. Kh1 Nxc3 45. Ng4 Ne2 46. Nxh6+ Kh7 47. Nf5 Re8 48. Bf2 Re5 49. Nd4 Nxd4 50. Rxe5 Nxe5 51. Bxd4 Nc6 52. Rb7 Nxd4 53. Rxf7+ Kg6 54. Rd7 Rc5 0-1

[Event "HUN-chT 2324"]
[Site "Hungary"]
[Date "2023.10.29"]
[Round "2.4"]
[White "Gonda, Laszlo"]
[Black "Kantor, Gergely"]
[Result "1/2-1/2"]
[WhiteElo "2494"]
[BlackElo "2527"]
[PlyCount "23"]
[EventDate "2023.10.28"]
[EventType "team-tourn"]
[EventRounds "9"]
[EventCountry "HUN"]
[SourceTitle "Mega2024 Update 01"]
[Source "Chessbase"]
[SourceDate "2023.11.12"]
[SourceVersion "1"]
[SourceVersionDate "2023.11.12"]
[SourceQuality "1"]
[WhiteTeam "Dunaharaszti"]
[BlackTeam "Tungsram ANSK"]
[WhiteTeamCountry "HUN"]
[BlackTeamCountry "HUN"]

1. Nf3 d5 2. g3 g6 3. Bg2 Bg7 4. d4 Nf6 5. 0-0 0-0 6. c4 c6 7. cxd5 cxd5 8. Ne5 Nfd7 9. Nf3 Nf6 10. Ne5 Nfd7 11. Nf3 Nf6 12. Ne5 1/2-1/2

[Event "CZE-chT 2223"]
[Site "Czech Republic"]
[Date "2023.02.19"]
[Round "8.5"]
[White "Gonda, Laszlo"]
[Black "Pechac, Jergus"]
[Result "1/2-1/2"]
[WhiteElo "2511"]
[BlackElo "2633"]
[PlyCount "58"]
[EventDate "2022.10.15"]
[EventType "team-tourn"]
[EventRounds "11"]
[EventCountry "CZE"]
[SourceTitle "CBM 213 Extra"]
[Source "ChessBase"]
[SourceDate "2023.05.31"]
[SourceVersion "1"]
[SourceVersionDate "2023.05.31"]
[SourceQuality "1"]
[WhiteTeam "Kromeriz Slavia"]
[BlackTeam "Pardubice"]
[WhiteTeamCountry "CZE"]
[BlackTeamCountry "CZE"]

1. d4 d5 2. Nf3 c5 3. c4 e6 4. cxd5 exd5 5. g3 Nf6 6. Bg2 Nc6 7. 0-0 Be7 8. Nc3 0-0 9. b3 Ne4 10. Bb2 Bf6 11. Na4 cxd4 12. Nxd4 Bd7 13. Rc1 Qe7 14. Nb5 Nb4 15. Bxf6 Nxf6 16. Nbc3 Rfd8 17. a3 Nc6 18. Nxd5 Nxd5 19. Qxd5 Qxa3 20. Nc5 Bh3 21. Qc4 Bxg2 22. Kxg2 Na5 23. Qb5 b6 24. b4 Nb3 25. Nxb3 Qxb3 26. Qc4 Qxc4 27. Rxc4 Rd2 28. Ra1 g6 29. e3 Kg7 1/2-1/2

[Event "HUN-chT 2223"]
[Site "Hungary"]
[Date "2023.02.12"]
[Round "5.4"]
[White "Balog, Imre1111"]
[Black "Gonda, Laszlo"]
[Result "1/2-1/2"]
[WhiteElo "2596"]
[BlackElo "2496"]
[PlyCount "86"]
[EventDate "2022.11.20"]
[EventType "team-tourn"]
[EventRounds "9"]
[EventCountry "HUN"]
[SourceTitle "CBM 213 Extra"]
[Source "ChessBase"]
[SourceDate "2023.05.31"]
[SourceVersion "1"]
[SourceVersionDate "2023.05.31"]
[SourceQuality "1"]
[WhiteTeam "Kobanya Aquarena"]
[BlackTeam "Dunaharaszti"]
[WhiteTeamCountry "HUN"]
[BlackTeamCountry "HUN"]

1. d4 d5 2. Nf3 Nf6 3. c4 e6 4. Nc3 a6 5. cxd5 exd5 6. Bg5 Be6 7. e3 Nbd7 8. Bd3 Bd6 9. Rb1 c6 10. 0-0 0-0 11. b4 Qc7 12. Bh4 Rfe8 13. a4 Bg4 14. Bg3 Bxg3 15. hxg3 Bh5 16. Qc2 Bg6 17. Bxg6 hxg6 18. Rfc1 Nb6 19. Nd2 Qe7 20. Nd1 Rec8 21. Nb2 Ne8 22. Qc5 Qd8 23. Re1 Nd7 24. Qc2 Nd6 25. Nd3 b5 26. Ra1 Nb6 27. Nc5 bxa4 28. Nxa4 Nbc4 29. Nc5 a5 30. Nxc4 Nxc4 31. Nb7 Qc7 32. Nxa5 Nxa5 33. bxa5 Rxa5 34. Rxa5 Qxa5 35. Rc1 Qa3 36. Qb1 c5 37. dxc5 Rxc5 38. Rd1 Qa8 39. Rd4 Rc4 40. Rd2 Qc6 41. Qb8+ Kh7 42. Qd8 Rc1+ 43. Kh2 Rb1 1/2-1/2

[Event "CZE-chT 2223"]
[Site "Czech Republic"]
[Date "2023.01.08"]
[Round "6.4"]
[White "Korobov, Anton"]
[Black "Gonda, Laszlo"]
[Result "1/2-1/2"]
[WhiteElo "2672"]
[BlackElo "2511"]
[PlyCount "52"]
[EventDate "2022.10.15"]
[EventType "team-tourn"]
[EventRounds "11"]
[EventCountry "CZE"]
[SourceTitle "CBM 213 Extra"]
[Source "ChessBase"]
[SourceDate "2023.05.31"]
[SourceVersion "1"]
[SourceVersionDate "2023.05.31"]
[SourceQuality "1"]
[WhiteTeam "Frydek Mistek"]
[BlackTeam "Kromeriz Slavia"]
[WhiteTeamCountry "CZE"]
[BlackTeamCountry "CZE"]

1. d4 d5 2. Nf3 Nf6 3. c4 e6 4. Nc3 h6 5. e3 a6 6. b3 c5 7. Bb2 cxd4 8. Nxd4 Bb4 9. a3 Ba5 10. b4 Bc7 11. cxd5 exd5 12. g3 Bg4 13. Qa4+ Nbd7 14. h3 Bh5 15. Bg2 0-0 16. 0-0 Nb6 17. Qb3 Be5 18. g4 Bxd4 19. gxh5 Bxc3 20. Bxc3 Ne4 21. Bxe4 dxe4 22. Rfd1 Qc8 23. Bd4 Nc4 24. Kh2 Qc7+ 25. Kh1 Qc8 26. Kh2 Qc7+ 1/2-1/2

[Event "BL2-Ost 2223"]
[Site "Germany"]
[Date "2022.10.22"]
[Round "1.2"]
[White "Vykouk, Jan"]
[Black "Gonda, Laszlo"]
[Result "1-0"]
[WhiteElo "2475"]
[BlackElo "2511"]
[PlyCount "69"]
[EventDate "2022.10.22"]
[EventType "team-tourn"]
[EventRounds "10"]
[EventCountry "GER"]
[SourceTitle "EXT 2024"]
[Source "ChessBase"]
[SourceDate "2023.10.10"]
[SourceVersion "1"]
[SourceVersionDate "2023.10.10"]
[SourceQuality "1"]
[WhiteTeam "Garching"]
[BlackTeam "Nickelhuette Aue"]
[WhiteTeamCountry "GER"]
[BlackTeamCountry "GER"]

1. e4 e5 2. Nf3 Nc6 3. Bc4 Bc5 4. d3 Nf6 5. Nbd2 0-0 6. 0-0 a6 7. c3 d6 8. Bb3 Ba7 9. Re1 Ng4 10. Re2 Kh8 11. h3 Nh6 12. Nf1 f5 13. d4 fxe4 14. Rxe4 Bf5 15. Re1 Qf6 16. Ng3 Rae8 17. Bg5 Qg6 18. Qd2 Nf7 19. Be3 Qf6 20. Nxf5 Qxf5 21. Bc2 Qf6 22. Rad1 e4 23. Ng5 d5 24. f3 Nd6 25. fxe4 dxe4 26. Qe2 Qg6 27. h4 Nf5 28. Bxe4 h6 29. Bxf5 Rxf5 30. Nf3 Re4 31. Rf1 Qe6 32. Rde1 Qxa2 33. Ng5 Rxf1+ 34. Rxf1 Re8 35. Qh5 1-0

[Event "AUT-chT2M 2223"]
[Site "Austria"]
[Date "2022.09.30"]
[Round "1.1"]
[White "Gonda, Laszlo"]
[Black "Ftacnik, Lubomir"]
[Result "1/2-1/2"]
[WhiteElo "2511"]
[BlackElo "2462"]
[PlyCount "35"]
[EventDate "2022.09.30"]
[EventType "team-tourn"]
[EventRounds "11"]
[EventCountry "AUT"]
[SourceTitle "CBM 210 Extra"]
[Source "ChessBase"]
[SourceDate "2022.11.30"]
[SourceVersion "1"]
[SourceVersionDate "2022.11.30"]
[SourceQuality "1"]
[WhiteTeam "St Valentin"]
[BlackTeam "Pinggau Friedberg"]
[WhiteTeamCountry "AUT"]
[BlackTeamCountry "AUT"]

1. c4 Nf6 2. g3 g6 3. Bg2 Bg7 4. Nc3 c5 5. e4 Nc6 6. d3 d6 7. Nge2 0-0 8. 0-0 a6 9. a4 Nd7 10. Rb1 Rb8 11. h3 Re8 12. Be3 Qc7 13. d4 cxd4 14. Nxd4 Nxd4 15. Bxd4 Bxd4 16. Qxd4 b5 17. axb5 axb5 18. cxb5 1/2-1/2

[Event "CZE-chT 2122"]
[Site "Czech Republic"]
[Date "2022.04.10"]
[Round "15.2"]
[White "Bobras, Piotr"]
[Black "Gonda, Laszlo"]
[Result "1/2-1/2"]
[WhiteElo "2500"]
[BlackElo "2495"]
[PlyCount "137"]
[EventDate "2021.10.15"]
[EventType "team-tourn"]
[EventRounds "15"]
[EventCountry "CZE"]
[SourceTitle "EXT 2023"]
[Source "ChessBase"]
[SourceDate "2022.10.05"]
[SourceVersion "1"]
[SourceVersionDate "2022.10.05"]
[SourceQuality "1"]
[WhiteTeam "Poruba Slavoj"]
[BlackTeam "Kromeriz Slavia"]
[WhiteTeamCountry "CZE"]
[BlackTeamCountry "CZE"]

1. e4 e5 2. Nf3 Nc6 3. Bb5 Nf6 4. 0-0 Nxe4 5. d4 Nd6 6. Bxc6 dxc6 7. dxe5 Nf5 8. Qxd8+ Kxd8 9. Rd1+ Ke8 10. Nc3 a5 11. h3 a4 12. a3 Be6 13. Bf4 h6 14. g4 Ne7 15. Nd4 Nd5 16. Nxe6 fxe6 17. Ne2 Bc5 18. Bg3 Rd8 19. c4 Nb6 20. Rxd8+ Kxd8 21. Nf4 Re8 22. Nd3 Bd4 23. Rc1 c5 24. Kg2 Rf8 25. f4 Kd7 26. Kf3 g6 27. Ke4 h5 28. gxh5 gxh5 29. Bh4 Nc8 30. Rc2 Rg8 31. Bf2 b6 32. f5 exf5+ 33. Kxf5 Rg2 34. Rd2 Ne7+ 35. Ke4 Rh2 36. h4 Nc6 37. Be1 Rh1 38. Re2 Ke7 39. Bg3 Na5 40. Rc2 Rg1 41. Bf4 Rd1 42. Bd2 Kf7 43. Bxa5 bxa5 44. Re2 Rh1 45. Kd5 Rxh4 46. Nxc5 Bxc5 47. e6+ Ke7 48. Kxc5 Rg4 49. Re5 h4 50. Kb5 c6+ 51. Kxa4 Rxc4+ 52. Kxa5 Rc2 53. b4 h3 54. Rh5 Rc3 55. Kb6 Rxa3 56. Kxc6 Kxe6 57. b5 Rc3+ 58. Kb7 Kf6 59. b6 Kg6 60. Rh8 Kg5 61. Kb8 Kg4 62. b7 Kg3 63. Ka7 Ra3+ 64. Kb6 Rb3+ 65. Kc7 h2 66. b8Q Rxb8 67. Kxb8 Kg2 68. Rg8+ Kf1 69. Rh8 1/2-1/2

[Event "CZE-chT 2122"]
[Site "Czech Republic"]
[Date "2021.10.16"]
[Round "1.6"]
[White "Harikrishna, Pentala"]
[Black "Gonda, Laszlo"]
[Result "1/2-1/2"]
[WhiteElo "2719"]
[BlackElo "2495"]
[PlyCount "119"]
[EventDate "2021.10.15"]
[EventType "team-tourn"]
[EventRounds "15"]
[EventCountry "CZE"]
[SourceTitle "CBM 204 Extra"]
[Source "ChessBase"]
[SourceDate "2021.11.30"]
[SourceVersion "1"]
[SourceVersionDate "2021.11.30"]
[SourceQuality "1"]
[WhiteTeam "Novoborsky"]
[BlackTeam "Kromeriz Slavia"]
[WhiteTeamCountry "CZE"]
[BlackTeamCountry "CZE"]

1. e4 e5 2. Nf3 Nc6 3. Bb5 a6 4. Ba4 Nf6 5. 0-0 Be7 6. Re1 b5 7. Bb3 d6 8. c3 0-0 9. h3 Na5 10. Bc2 c5 11. d4 Nd7 12. d5 Nb6 13. Nbd2 Bd7 14. Nf1 Nb7 15. b3 a5 16. Ne3 Qc7 17. c4 a4 18. Bd2 axb3 19. axb3 Rxa1 20. Qxa1 Ra8 21. Qb2 Qb8 22. cxb5 Bxb5 23. Bc3 Qa7 24. Nf5 Bf8 25. Qc1 f6 26. Ne3 Nd8 27. Qd2 Nf7 28. Bd3 Bd7 29. Qe2 Be7 30. Bb5 Qb7 31. Bxd7 Nxd7 32. Nd2 Bd8 33. Rb1 Ba5 34. Bxa5 Rxa5 35. Ndc4 Ra6 36. Qg4 Nf8 37. h4 g6 38. h5 Ng5 39. Qh4 Qe7 40. Qg4 Qb7 41. Kh2 Ra2 42. f3 Ra6 43. Qg3 Nf7 44. Ng4 Qe7 45. b4 Ra4 46. Na5 f5 47. exf5 Qg5 48. hxg6 hxg6 49. Nc6 cxb4 50. fxg6 Nxg6 51. Rxb4 Ra2 52. Ne7+ Qxe7 53. Nh6+ Kh7 54. Nf5 Qg5 55. Qh3+ Kg8 56. Rb8+ Nf8 57. Rb4 Ng6 58. Rb8+ Nf8 59. Rb4 Ng6 60. Rb8+ 1/2-1/2

[Event "BL2-Ost 1920"]
[Site "Germany"]
[Date "2021.08.08"]
[Round "10.3"]
[White "Zajogin, Alexander"]
[Black "Gonda, Laszlo"]
[Result "1/2-1/2"]
[WhiteElo "2426"]
[BlackElo "2541"]
[PlyCount "54"]
[EventDate "2019.10.19"]
[EventType "team-tourn"]
[EventRounds "11"]
[EventCountry "GER"]
[SourceTitle "EXT 2023"]
[Source "ChessBase"]
[SourceDate "2022.10.05"]
[SourceVersion "1"]
[SourceVersionDate "2022.10.05"]
[SourceQuality "1"]
[WhiteTeam "Bayern Muenchen II"]
[BlackTeam "Nickelhuette Aue"]
[WhiteTeamCountry "GER"]
[BlackTeamCountry "GER"]

1. d4 Nf6 2. Bg5 d5 3. Bxf6 gxf6 4. c4 dxc4 5. e3 c5 6. d5 Rg8 7. Nc3 a6 8. a4 Nd7 9. Nge2 Ne5 10. Ng3 Bg4 11. Qc2 h5 12. h3 h4 13. hxg4 hxg3 14. f3 Qa5 15. Be2 f5 16. Qxf5 Bg7 17. 0-0-0 Nd7 18. Rh7 0-0-0 19. Rxg7 Rxg7 20. Bxc4 Kb8 21. Qf4+ Ka7 22. Kc2 f6 23. Qxg3 Ne5 24. Qf4 Rd6 25. Bf1 Rb6 26. d6 Rb4 27. dxe7 Rxe7 1/2-1/2

[Event "HUN-ch Rapid"]
[Site "Ajka"]
[Date "2021.07.17"]
[Round "8"]
[White "Gonda, Laszlo"]
[Black "Emodi, Barnabas"]
[Result "1-0"]
[WhiteElo "2496"]
[BlackElo "2347"]
[PlyCount "83"]
[EventDate "2021.07.16"]
[EventType "swiss (rapid)"]
[EventRounds "13"]
[EventCountry "HUN"]
[SourceTitle "CBM 203 Extra"]
[Source "ChessBase"]
[SourceDate "2021.09.30"]
[SourceVersion "1"]
[SourceVersionDate "2021.09.30"]
[SourceQuality "1"]

1. Nf3 Nf6 2. g3 Nc6 3. d4 d5 4. Bg2 g6 5. 0-0 Bg7 6. Na3 0-0 7. c4 dxc4 8. Nxc4 Be6 9. b3 Bd5 10. Bb2 a5 11. a4 Rb8 12. Nfe5 Bxg2 13. Kxg2 Na7 14. Qd3 b6 15. Rfd1 Nd5 16. Qf3 f6 17. Nd3 Qd7 18. Rac1 e6 19. h4 Nb4 20. Nxb4 axb4 21. d5 b5 22. axb5 Nxb5 23. Na5 exd5 24. Rxd5 Qe6 25. Nc6 Rb6 26. Nxb4 Re8 27. Rd2 Nd6 28. Nd5 Ne4 29. Rd3 c5 30. Nxb6 Qxb6 31. Rd7 Bh6 32. Rc4 f5 33. Qd3 Nf6 34. Bxf6 Qxf6 35. Qd5+ Kh8 36. e3 Bg7 37. Rxc5 Qb2 38. Rd8 Rf8 39. Rxf8+ Bxf8 40. Rc8 Kg7 41. Qb7+ Kg8 42. Qe7 1-0

[Event "HUN-ch Rapid"]
[Site "Ajka"]
[Date "2021.07.17"]
[Round "5"]
[White "Varga, Zoltan"]
[Black "Gonda, Laszlo"]
[Result "1-0"]
[WhiteElo "2435"]
[BlackElo "2496"]
[PlyCount "109"]
[EventDate "2021.07.16"]
[EventType "swiss (rapid)"]
[EventRounds "13"]
[EventCountry "HUN"]
[SourceTitle "CBM 203 Extra"]
[Source "ChessBase"]
[SourceDate "2021.09.30"]
[SourceVersion "1"]
[SourceVersionDate "2021.09.30"]
[SourceQuality "1"]

1. e4 e5 2. Nf3 Nc6 3. Bb5 a6 4. Ba4 Nf6 5. d3 d6 6. c4 g6 7. Bg5 Bg7 8. h3 h6 9. Be3 0-0 10. Qd2 Kh7 11. Nc3 Nd7 12. Bxc6 bxc6 13. d4 exd4 14. Bxd4 f6 15. c5 dxc5 16. Be3 Qe7 17. 0-0 Nb6 18. Rfe1 Be6 19. b3 Rad8 20. Qc2 c4 21. Nd4 Bd7 22. Rad1 c5 23. Nf3 Be6 24. Nd5 Nxd5 25. exd5 Rxd5 26. Rxd5 Bxd5 27. Bxh6 Qf7 28. Bxg7 Kxg7 29. Nd2 Re8 30. Rxe8 Qxe8 31. Nxc4 Qe1+ 32. Kh2 Bxc4 33. bxc4 Qe5+ 34. g3 Qd4 35. h4 a5 36. Kg2 Kf7 37. a4 Kg7 38. Kh2 Kh6 39. Qe2 f5 40. Kh3 f4 41. gxf4 Qd7+ 42. Kg3 Qxa4 43. Qe5 Qa3+ 44. Kg4 Kh7 45. Kg5 Qd3 46. Qxc7+ Kg8 47. Kh6 Qd4 48. Kxg6 Qe4+ 49. Kg5 Qxc4 50. h5 a4 51. h6 Qd5+ 52. f5 Qf7 53. Qxc5 Kh7 54. Qd6 a3 55. Qg6+ 1-0

[Event "HUN-ch Rapid"]
[Site "Ajka"]
[Date "2021.07.16"]
[Round "1"]
[White "Werner, Anna"]
[Black "Gonda, Laszlo"]
[Result "0-1"]
[WhiteElo "1926"]
[BlackElo "2496"]
[PlyCount "74"]
[EventDate "2021.07.16"]
[EventType "swiss (rapid)"]
[EventRounds "13"]
[EventCountry "HUN"]
[SourceTitle "CBM 203 Extra"]
[Source "ChessBase"]
[SourceDate "2021.09.30"]
[SourceVersion "1"]
[SourceVersionDate "2021.09.30"]
[SourceQuality "1"]

1. d4 Nf6 2. c4 e6 3. Nf3 d5 4. cxd5 exd5 5. Nc3 c6 6. Qc2 Be7 7. Bg5 Nbd7 8. e3 Nh5 9. Bxe7 Qxe7 10. Be2 0-0 11. 0-0 Nb6 12. Rab1 a5 13. a3 a4 14. Ne5 Nf6 15. b4 axb3 16. Rxb3 Nfd7 17. Rfb1 Nxe5 18. Rxb6 Nd7 19. R6b4 Rxa3 20. Na4 b5 21. Nc3 Nf6 22. R4b3 Bd7 23. Rxa3 Qxa3 24. Bd3 Ra8 25. h3 g6 26. Rb2 Qd6 27. Na2 Ra4 28. Qc3 Ne4 29. Bxe4 dxe4 30. Nc1 Be6 31. Rc2 Bd5 32. g3 b4 33. Qb2 b3 34. Rc5 Qb8 35. Kg2 Qb4 36. Rc3 Qa3 37. Qxa3 Rxa3 0-1

[Event "HUN-chT 1920"]
[Site "Hungary"]
[Date "2020.03.08"]
[Round "7.2"]
[White "Gonda, Laszlo"]
[Black "Volokitin, Andrei"]
[Result "1/2-1/2"]
[WhiteElo "2532"]
[BlackElo "2633"]
[PlyCount "25"]
[EventDate "2019.11.16"]
[EventType "team-tourn"]
[EventRounds "9"]
[EventCountry "HUN"]
[SourceTitle "CBM 195 Extra"]
[Source "ChessBase"]
[SourceDate "2020.05.31"]
[SourceVersion "1"]
[SourceVersionDate "2020.05.31"]
[SourceQuality "1"]
[WhiteTeam "Dunaharaszti"]
[BlackTeam "Aquaprofit"]
[WhiteTeamCountry "HUN"]
[BlackTeamCountry "HUN"]

1. Nf3 d5 2. g3 c5 3. Bg2 Nf6 4. 0-0 g6 5. c4 Bg7 6. d4 cxd4 7. cxd5 Nxd5 8. Nxd4 0-0 9. Nb5 Be6 10. Nd4 Bc8 11. Nb5 Be6 12. Nd4 Bc8 13. Nb5 1/2-1/2

[Event "BL2-Ost 1920"]
[Site "Germany"]
[Date "2019.12.08"]
[Round "6.3"]
[White "Gonda, Laszlo"]
[Black "Mischustov, Michael"]
[Result "1-0"]
[WhiteElo "2541"]
[BlackElo "2340"]
[PlyCount "57"]
[EventDate "2019.10.19"]
[EventType "team-tourn"]
[EventRounds "11"]
[EventCountry "GER"]
[SourceTitle "CBM 194 Extra"]
[Source "ChessBase"]
[SourceDate "2020.03.31"]
[SourceVersion "1"]
[SourceVersionDate "2020.03.31"]
[SourceQuality "1"]
[WhiteTeam "Nickelhuette Aue"]
[BlackTeam "Nuernberg NT"]
[WhiteTeamCountry "GER"]
[BlackTeamCountry "GER"]

1. d4 Nf6 2. c4 e6 3. g3 Bb4+ 4. Bd2 c5 5. Bxb4 cxb4 6. Bg2 0-0 7. e3 d6 8. Ne2 Qc7 9. Nd2 a5 10. 0-0 e5 11. Rc1 Bd7 12. c5 d5 13. e4 dxe4 14. Nxe4 Nxe4 15. Bxe4 exd4 16. Nxd4 Bc6 17. Qc2 h6 18. Rfe1 Bxe4 19. Qxe4 Na6 20. Nf5 Kh8 21. Qg4 Rg8 22. Re7 Qd8 23. Rd1 Qf8 24. Qh4 Nxc5 25. Nd6 Rd8 26. Nxf7+ Qxf7 27. Rxd8 Qxa2 28. Rxg8+ Kxg8 29. Qd4 1-0

[Event "HUN-ch qual 68th"]
[Site "Budapest"]
[Date "2019.12.05"]
[Round "1.4"]
[White "Sipos, Istvan"]
[Black "Gonda, Laszlo"]
[Result "1/2-1/2"]
[WhiteElo "2473"]
[BlackElo "2515"]
[PlyCount "50"]
[EventDate "2019.12.04"]
[EventType "k.o."]
[EventRounds "1"]
[EventCountry "HUN"]
[SourceTitle "CBM 193 Extra"]
[Source "ChessBase"]
[SourceDate "2020.01.31"]
[SourceVersion "1"]
[SourceVersionDate "2020.01.31"]
[SourceQuality "1"]

1. c4 c5 2. Nc3 Nc6 3. g3 g6 4. Bg2 Bg7 5. Nf3 d6 6. 0-0 e6 7. e3 Nge7 8. b3 Nf5 9. Bb2 0-0 10. Qb1 d5 11. cxd5 exd5 12. Rc1 Nfe7 13. Na4 Bf5 14. d3 Bxb2 15. Qxb2 b6 16. d4 cxd4 17. Nxd4 Rc8 18. Nxf5 Nxf5 19. Rd1 d4 20. Bh3 Qd5 21. Bxf5 Qxf5 22. exd4 Rfd8 23. Rd2 b5 24. Nc5 Nxd4 25. Rxd4 Qxc5 1/2-1/2

[Event "HUN-ch qual 68th"]
[Site "Budapest"]
[Date "2019.12.04"]
[Round "1.1"]
[White "Sipos, Istvan"]
[Black "Gonda, Laszlo"]
[Result "1/2-1/2"]
[WhiteElo "2473"]
[BlackElo "2515"]
[PlyCount "36"]
[EventDate "2019.12.04"]
[EventType "k.o."]
[EventRounds "1"]
[EventCountry "HUN"]
[SourceTitle "CBM 193 Extra"]
[Source "ChessBase"]
[SourceDate "2020.01.31"]
[SourceVersion "1"]
[SourceVersionDate "2020.01.31"]
[SourceQuality "1"]

1. e4 e5 2. Nf3 Nc6 3. Nc3 Nf6 4. d4 exd4 5. Nxd4 Bb4 6. Nxc6 bxc6 7. Bd3 0-0 8. 0-0 d5 9. Bd2 Rb8 10. exd5 cxd5 11. a3 Be7 12. b4 c5 13. bxc5 Bxc5 14. Bf4 Bd6 15. Qd2 Qc7 16. Bxd6 Qxd6 17. Nb5 Qc5 18. Qb4 Qxb4 1/2-1/2

[Event "Hull 4NCL GM"]
[Site "Hull"]
[Date "2019.11.02"]
[Round "6"]
[White "Merry, Alan B"]
[Black "Gonda, Laszlo"]
[Result "1/2-1/2"]
[WhiteElo "2426"]
[BlackElo "2532"]
[PlyCount "46"]
[EventDate "2019.10.30"]
[EventType "tourn"]
[EventRounds "9"]
[EventCountry "ENG"]
[EventCategory "9"]
[SourceTitle "CBM 192 Extra"]
[Source "Chessbase"]
[SourceDate "2019.11.06"]
[SourceVersion "1"]
[SourceVersionDate "2019.11.06"]
[SourceQuality "1"]

1. c4 b6 2. Nc3 Bb7 3. e4 Nf6 4. d3 d6 5. g3 c5 6. Bg2 g6 7. Nge2 Bg7 8. 0-0 Nc6 9. h3 0-0 10. Be3 Rc8 11. Qd2 Ne8 12. f4 Nc7 13. f5 Ne5 14. g4 e6 15. Nf4 Qd7 16. Rae1 Rfe8 17. b3 b5 18. Rf2 a5 19. a4 bxa4 20. Nxa4 Rb8 21. f6 Bxf6 22. Nxg6 fxg6 23. Rxf6 Rf8 1/2-1/2

[Event "Hull 4NCL GM"]
[Site "Hull"]
[Date "2019.11.01"]
[Round "4"]
[White "Gonda, Laszlo"]
[Black "Eggleston, David"]
[Result "1/2-1/2"]
[WhiteElo "2532"]
[BlackElo "2392"]
[PlyCount "41"]
[EventDate "2019.10.30"]
[EventType "tourn"]
[EventRounds "9"]
[EventCountry "ENG"]
[EventCategory "9"]
[SourceTitle "CBM 192 Extra"]
[Source "Chessbase"]
[SourceDate "2019.11.06"]
[SourceVersion "1"]
[SourceVersionDate "2019.11.06"]
[SourceQuality "1"]

1. Nf3 Nf6 2. g3 e6 3. Bg2 d5 4. 0-0 Be7 5. c4 0-0 6. d4 dxc4 7. Qc2 a6 8. a4 Bd7 9. Qxc4 Bc6 10. Bg5 Bd5 11. Qd3 Be4 12. Qe3 Nbd7 13. Nc3 Bc6 14. Qd3 h6 15. Bxf6 Bxf6 16. b4 Bxf3 17. Bxf3 c6 18. Ne4 Be7 19. Rab1 a5 20. bxa5 Qc7 21. Nd2 1/2-1/2

[Event "BL2-Ost 1920"]
[Site "Germany"]
[Date "2019.10.20"]
[Round "2.2"]
[White "Martinovic, Sasa"]
[Black "Gonda, Laszlo"]
[Result "1/2-1/2"]
[WhiteElo "2539"]
[BlackElo "2541"]
[PlyCount "27"]
[EventDate "2019.10.19"]
[EventType "team-tourn"]
[EventRounds "11"]
[EventCountry "GER"]
[SourceTitle "CBM 194 Extra"]
[Source "ChessBase"]
[SourceDate "2020.03.31"]
[SourceVersion "1"]
[SourceVersionDate "2020.03.31"]
[SourceQuality "1"]
[WhiteTeam "Muenchen SC"]
[BlackTeam "Nickelhuette Aue"]
[WhiteTeamCountry "GER"]
[BlackTeamCountry "GER"]

1. d4 Nf6 2. c4 e6 3. Nc3 Bb4 4. Qc2 0-0 5. Nf3 c5 6. dxc5 Na6 7. g3 Nxc5 8. Bg2 Nce4 9. 0-0 Bxc3 10. bxc3 Qc7 11. Nd4 d5 12. cxd5 exd5 13. Bf4 Qc5 14. Rac1 1/2-1/2

[Event "CZE-chT 1920"]
[Site "Czech Republic"]
[Date "2019.10.12"]
[Round "1.3"]
[White "Kraus, Tomas"]
[Black "Gonda, Laszlo"]
[Result "1-0"]
[WhiteElo "2475"]
[BlackElo "2541"]
[PlyCount "51"]
[EventDate "2019.10.12"]
[EventType "team-tourn"]
[EventRounds "11"]
[EventCountry "CZE"]
[SourceTitle "EXT 2020"]
[Source "ChessBase"]
[SourceDate "2019.10.17"]
[SourceVersion "1"]
[SourceVersionDate "2019.10.17"]
[SourceQuality "1"]
[WhiteTeam "Turnov Zikuda"]
[BlackTeam "Kromeriz Slavia"]
[WhiteTeamCountry "CZE"]
[BlackTeamCountry "CZE"]

1. e4 e5 2. Nf3 Nc6 3. Nc3 Nf6 4. d4 exd4 5. Nxd4 Bb4 6. Nxc6 bxc6 7. Bd3 0-0 8. 0-0 d5 9. exd5 Bg4 10. f3 Bh5 11. g4 Bg6 12. Bxg6 fxg6 13. dxc6 Qe7 14. Qd3 Qc5+ 15. Be3 Qxc6 16. Rad1 Rfe8 17. Bd4 a6 18. a3 Bf8 19. b4 Rad8 20. Rf2 Kh8 21. Re2 Rxe2 22. Nxe2 Qe6 23. Nf4 Qc6 24. g5 Nd7 25. Bb2 Bd6 26. Bxg7+ 1-0

[Event "ROM-chT"]
[Site "Mamaia"]
[Date "2019.09.29"]
[Round "9.2"]
[White "Florescu, Codrut Constantin"]
[Black "Gonda, Laszlo"]
[Result "1/2-1/2"]
[WhiteElo "2286"]
[BlackElo "2541"]
[PlyCount "36"]
[EventDate "2019.09.21"]
[EventType "team-tourn"]
[EventRounds "9"]
[EventCountry "ROU"]
[SourceTitle "EXT 2020"]
[Source "ChessBase"]
[SourceDate "2019.10.17"]
[SourceVersion "1"]
[SourceVersionDate "2019.10.17"]
[SourceQuality "1"]
[WhiteTeam "Cluj Napoca"]
[BlackTeam "Baia Mare Municipiului"]
[WhiteTeamCountry "ROU"]
[BlackTeamCountry "ROU"]

1. d4 Nf6 2. Nf3 b6 3. g3 Bb7 4. Bg2 g6 5. 0-0 Bg7 6. c4 0-0 7. Re1 e6 8. Nc3 Ne4 9. Bd2 d6 10. Nxe4 Bxe4 11. Bc3 Nd7 12. Qa4 c5 13. Rad1 Qc7 14. Ne5 Bxg2 15. Qxd7 Qxd7 16. Nxd7 Rfd8 17. Kxg2 Rxd7 18. dxc5 bxc5 1/2-1/2